[Event "34.Schlosspark-Open"]
[Site "Wiesbaden-Biebrich"]
[Date "2025.08.29"]
[Round "3.82"]
[White "Spiegel, Nina"]
[Black "Diehl, Stefan"]
[Result "0-1"]
[WhiteElo "1716"]
[BlackElo "1856"]
[PlyCount "134"]
[EventDate "2025.08.28"]
[WhiteTeam "Sfr Stiller Zug Wiesbaden"]
[BlackTeam "SC 1910 Höchst"]

1. c4 f5 2. g3 Nf6 3. Bg2 e6 4. Nc3 c6 5. Nf3 Be7 6. d4 O-O 7. O-O d5 8. Bf4 Nbd7 9. Qc2 dxc4 10. Ne5 Nd5 11. Nxc4 Nxf4 12. gxf4 Nf6 13. e3 Bd7 14. Ne5 Be8 15. Qb3 Qc8 16. Rac1 Bd6 17. Nf3 Qd7 18. Ng5 Bf7 19. Nxf7 Rxf7 20. Na4 Nd5 21. Nc5 Qe7 22. Nd3 g5 23. Ne5 Rg7 24. Bxd5 exd5 25. Kh1 Kh8 26. Rg1 gxf4 27. Rxg7 Kxg7 28. exf4 Kh8 29. Rg1 Rg8 30. Rxg8+ Kxg8 31. Qh3 Qe6 32. Qh5 h6 33. Qh4 Be7 34. Qh5 c5 35. Qe8+ Kg7 36. dxc5 d4 37. Qb5 Qd5+ 38. Kg1 a6 39. Qe8 Qe6 40. Kf1 Qf6 41. Qd7 Kf8 42. Qxd4 Qe6 43. b3 Bf6 44. Nd7+ Ke7 45. Qxf6+ Kxd7 46. Qxe6+ Kxe6 47. Ke2 a5 48. a3 Kd5 49. b4 axb4 50. axb4 Kd4 51. f3 Kc4 52. b5 Kxb5 53. c6 bxc6 54. Kd3 Kc5 55. Kc3 Kd5 56. Kd3 c5 57. Kc3 c4 58. h3 h5 59. Kd2 Kd4 60. h4 c3+ 61. Kc2 Kc4 62. Kc1 Kd3 63. Kd1 Ke3 64. Kc2 Kxf4 65. Kxc3 Kxf3 66. Kd3 f4 67. Kd2 Kg2 0-1

[Event "34.Schlosspark-Open"]
[Site "Wiesbaden-Biebrich"]
[Date "2025.08.29"]
[Round "3.83"]
[White "Zeyen, Helmut"]
[Black "Ju, Eric Zirui"]
[Result "1-0"]
[WhiteElo "1845"]
[BlackElo "1699"]
[PlyCount "73"]
[EventDate "2025.08.28"]
[WhiteTeam "Wiesbadener SV 1885"]
[BlackTeam "SV Oberursel"]

1. e4 e5 2. Nf3 Nc6 3. Nc3 Nf6 4. a3 Be7 5. d3 d6 6. h3 Be6 7. Be3 O-O 8. Qd2 a6 9. Be2 Re8 10. g4 d5 11. exd5 Nxd5 12. Ne4 b5 13. Nfg5 Nxe3 14. Nxe6 Nxc2+ 15. Qxc2 Nd4 16. Nxd4 Qxd4 17. Qc3 Qb6 18. O-O Rad8 19. Rac1 Qh6 20. Kg2 Rc8 21. Qc6 g6 22. Nf6+ Bxf6 23. Qxf6 Re6 24. Qf3 Kh8 25. Qxf7 g5 26. Rxc7 Rf8 27. Qh5 Qxh5 28. gxh5 e4 29. dxe4 Rxe4 30. Bd3 Rd4 31. Rxh7+ Kg8 32. Bg6 g4 33. h4 Rdf4 34. Re7 b4 35. Re4 Rxe4 36. Bxe4 a5 37. a4 {Rest nicht nachvollziehbar. 1-0 (65)} 1-0

[Event "34.Schlosspark-Open"]
[Site "Wiesbaden-Biebrich"]
[Date "2025.08.29"]
[Round "3.84"]
[White "Strache, Rolf"]
[Black "Mrsic, Ivan"]
[Result "0-1"]
[WhiteElo "1684"]
[BlackElo "1829"]
[PlyCount "54"]
[EventDate "2025.08.28"]
[WhiteTeam "SK Herborn 1946"]
[BlackTeam "Sfr.Mainz 1928"]

1. d4 g6 2. c4 Bg7 3. Nf3 d6 4. e4 Bg4 5. Be2 Nc6 6. Be3 Bxf3 7. Bxf3 e5 8. d5 Nce7 9. Nc3 f5 10. Qa4+ Kf8 11. O-O Nf6 12. Qc2 f4 13. Bd2 g5 14. h3 h5 15. Bd1 Ng6 16. f3 Qd7 17. Be1 g4 18. h4 g3 19. Qa4 c6 20. Rc1 Nxh4 21. a3 Nxg2 22. Kxg2 h4 23. dxc6 h3+ 24. Kh1 g2+ 25. Kh2 gxf1=Q 26. Rc2 Qxc6 27. Qb3 Qxe1 0-1

[Event "34.Schlosspark-Open"]
[Site "Wiesbaden-Biebrich"]
[Date "2025.08.29"]
[Round "3.85"]
[White "Nabuuma, Rakhshanah"]
[Black "Bolduan, Michael"]
[Result "0-1"]
[WhiteElo "1680"]
[BlackElo "1825"]
[PlyCount "84"]
[EventDate "2025.08.28"]
[WhiteTeam "VSG 1880 Offenbach"]
[BlackTeam "Sfr Stiller Zug Wiesbaden"]

1. d4 e6 2. Nf3 f5 3. Bf4 Nf6 4. e3 d5 5. Nbd2 Be7 6. Ne5 O-O 7. Bd3 Nbd7 8. h3 Nxe5 9. Bxe5 Nd7 10. f4 Bh4+ 11. Kf1 Nxe5 12. dxe5 c5 13. c3 d4 14. cxd4 cxd4 15. Qe2 dxe3 16. Qxe3 Bd7 17. g3 Be7 18. Rc1 Bc6 19. Nf3 Qd5 20. Kg2 Rad8 21. Rhd1 Qa5 22. Bc4 Bd5 23. Bxd5 Rxd5 24. Qb3 Qa6 25. Rxd5 Qe2+ 26. Kg1 exd5 27. Qxd5+ Kh8 28. Qb3 b6 29. Rc2 Bc5+ 30. Kh1 Qf1+ 31. Kh2 h6 32. Rg2 Rd8 33. Nh4 Rd1 34. g4 Rd3 35. Qa4 b5 36. Ng6+ Kh7 37. Qc2 Kxg6 38. gxf5+ Kxf5 39. Qxc5 Qxf4+ 40. Kh1 Rd1+ 41. Rg1 Qf3+ 42. Kh2 Rd2+ 0-1

[Event "34.Schlosspark-Open"]
[Site "Wiesbaden-Biebrich"]
[Date "2025.08.29"]
[Round "3.86"]
[White "Krannich, Eva"]
[Black "Kolker, Vladislav"]
[Result "0-1"]
[WhiteElo "1651"]
[BlackElo "1825"]
[PlyCount "106"]
[EventDate "2025.08.28"]
[WhiteTeam "Sfr.Heidesheim"]
[BlackTeam "SC Bad Nauheim"]

1. e4 e5 2. Nf3 Nc6 3. Bc4 f5 4. d3 Bc5 5. Ng5 f4 6. Nf7 Qh4 7. O-O Nf6 8. h3 Rf8 9. Nd2 Rxf7 10. Bxf7+ Kxf7 11. Nf3 Qh5 12. c3 d6 13. b4 Bb6 14. a4 a5 15. bxa5 Rxa5 16. Bd2 g5 17. c4 Ra8 18. Bc3 g4 19. hxg4 Bxg4 20. c5 dxc5 21. Qb3+ Be6 22. Qd1 Rg8 23. a5 Ba7 24. Nxe5+ Nxe5 25. Qxh5+ Nxh5 26. Bxe5 Bh3 27. Kh2 Bxg2 28. Rg1 f3 29. a6 Rg4 30. Bg3 Nxg3 31. fxg3 bxa6 32. Rgc1 Rg6 33. d4 Rc6 34. g4 c4 35. Rd1 c3 36. Rac1 Rc4 37. d5 Bd4 38. Rd3 Be5+ 39. Kg1 Rxe4 40. g5 Bd4+ 41. Rxd4 Rxd4 42. Rxc3 Rxd5 43. Rxc7+ Kg6 44. Rc6+ Kxg5 45. Rxa6 h5 46. Ra7 Kg4 47. Rg7+ Rg5 48. Rf7 h4 49. Kh2 h3 50. Ra7 f2 51. Ra4+ Kf3 52. Ra3+ Kf4 53. Rf3+ Bxf3 0-1

[Event "34.Schlosspark-Open"]
[Site "Wiesbaden-Biebrich"]
[Date "2025.08.29"]
[Round "3.87"]
[White "Brandt, Michael"]
[Black "Hammel, Jens"]
[Result "1-0"]
[WhiteElo "1817"]
[BlackElo "1641"]
[PlyCount "89"]
[EventDate "2025.08.28"]
[WhiteTeam "FT Schierstein"]
[BlackTeam "SK 1858 Gießen"]

1. f4 d5 2. Nf3 Nf6 3. e3 Bf5 4. Nc3 e6 5. b3 a6 6. Ne5 c5 7. Bb2 Bd6 8. Ne2 h6 9. Ng3 Bh7 10. Be2 Nbd7 11. Nxd7 Qxd7 12. O-O Be7 13. d3 O-O 14. Bf3 Rac8 15. Qe2 b5 16. Rad1 b4 17. c4 bxc3 18. Bxc3 d4 19. exd4 cxd4 20. Ba1 Bb4 21. Rc1 Bc3 22. Bxc3 Rxc3 23. Rxc3 dxc3 24. Rd1 Rc8 25. Qc2 Qd4+ 26. Kh1 Qxf4 27. Ne2 Qe5 28. Bb7 Rc7 29. Bxa6 Nd5 30. Nc1 Ne3 31. Qe2 Qg5 32. Re1 Nd5 33. Bc4 Qd2 34. Bxd5 Qxe2 35. Rxe2 Bxd3 36. Nxd3 Rd7 37. Bc4 Rd4 38. Kg1 Kh7 39. Kf1 Kg6 40. a4 Kf6 41. a5 e5 42. Rxe5 Rxd3 43. Bxd3 Kxe5 44. a6 Kd4 45. Ke2 1-0

[Event "34.Schlosspark-Open"]
[Site "Wiesbaden-Biebrich"]
[Date "2025.08.29"]
[Round "3.88"]
[White "Rabiya, Karim"]
[Black "Wolf, Helena"]
[Result "1-0"]
[WhiteElo "1800"]
[BlackElo "1622"]
[PlyCount "49"]
[EventDate "2025.08.28"]
[WhiteTeam "SK Niederbrechen 1948"]
[BlackTeam "SK Bad Homburg 1927"]

1. e4 c5 2. Nf3 d6 3. d4 cxd4 4. Nxd4 Nf6 5. Nc3 g6 6. f3 Bg7 7. Be3 O-O 8. Qd2 Nc6 9. g4 Be6 10. h4 h5 11. g5 Nd7 12. Nxe6 fxe6 13. f4 a6 14. Bc4 Kh7 15. Bxe6 Nc5 16. Bd5 Nb4 17. O-O-O Rc8 18. Rhf1 e6 19. Bxc5 Rxc5 20. Bc6 Qa5 21. e5 dxe5 22. f5 gxf5 23. Rxf5 Rxc3 24. g6+ Kh8 25. Rxh5+ 1-0

[Event "34.Schlosspark-Open"]
[Site "Wiesbaden-Biebrich"]
[Date "2025.08.29"]
[Round "3.89"]
[White "Goodwin, David"]
[Black "Donecker, Stefan"]
[Result "1/2-1/2"]
[WhiteElo "1601"]
[BlackElo "1780"]
[PlyCount "49"]
[EventDate "2025.08.28"]
[WhiteTeam "SV 1920 Kelsterbach"]
[BlackTeam "SAbt TuS Dotzheim"]

1. Nf3 e6 2. g3 d5 3. d4 c6 4. Bg2 f5 5. Ne5 Nf6 6. Nd2 Bd6 7. Nd3 O-O 8. Nf3 b6 9. Bg5 Bb7 10. O-O c5 11. c3 Nc6 12. Nfe5 Qe8 13. Nxc6 Bxc6 14. Ne5 Bb7 15. Nc4 Bc7 16. Nd2 h6 17. Bxf6 Rxf6 18. dxc5 bxc5 19. c4 Bc6 20. cxd5 exd5 21. Re1 Re6 22. Nb3 d4 23. Bxc6 Qxc6 24. Rc1 Bb6 25. Nxd4 1/2-1/2

[Event "34.Schlosspark-Open"]
[Site "Wiesbaden-Biebrich"]
[Date "2025.08.29"]
[Round "3.90"]
[White "Börsch, Dieter"]
[Black "Lüders, Eric"]
[Result "1-0"]
[WhiteElo "1779"]
[BlackElo "1593"]
[PlyCount "47"]
[EventDate "2025.08.28"]
[WhiteTeam "SK Bad Homburg 1927"]
[BlackTeam "Schachfreunde Hünstetten"]

1. d4 d5 2. c4 e6 3. Nc3 Nf6 4. cxd5 Nxd5 5. e4 Nxc3 6. bxc3 c5 7. Bc4 cxd4 8. cxd4 Bb4+ 9. Bd2 Bxd2+ 10. Qxd2 O-O 11. Nf3 a6 12. O-O b5 13. Bb3 Bb7 14. Rfe1 Nc6 15. Bc2 Qb6 16. d5 Rfd8 17. Rad1 Na5 18. Qg5 exd5 19. exd5 f6 20. Qh5 g6 21. Bxg6 hxg6 22. Qxg6+ Kh8 23. Re7 Qa7 24. Qh7# 1-0

[Event "34.Schlosspark-Open"]
[Site "Wiesbaden-Biebrich"]
[Date "2025.08.29"]
[Round "3.91"]
[White "Wolf, Aurelia"]
[Black "Rotermund, Verena"]
[Result "0-1"]
[WhiteElo "1589"]
[BlackElo "1770"]
[PlyCount "148"]
[EventDate "2025.08.28"]
[WhiteTeam "SK Bad Homburg 1927"]
[BlackTeam "Vorw.Orient Mainz"]

1. e4 e6 2. d4 d5 3. exd5 exd5 4. Bd3 Bd6 5. Nf3 Ne7 6. h3 Nbc6 7. c3 h6 8. O-O Be6 9. Re1 Qd7 10. Nbd2 g5 11. Qc2 g4 12. hxg4 Bxg4 13. Qb3 O-O-O 14. c4 Rhg8 15. Kf1 Bxf3 16. Nxf3 Qg4 17. Be3 Qxg2+ 18. Ke2 dxc4 19. Qxc4 Qg7 20. d5 Ne5 21. Nxe5 Qxe5 22. b3 Nxd5 23. Rac1 Nxe3 24. fxe3 Qh5+ 25. Kf1 Qh3+ 26. Ke2 Qg2+ 27. Kd1 Qf3+ 28. Be2 Ba3+ 29. Kc2 Qf6 30. Rb1 Qg6+ 31. Kc3 Bd6 32. Rbd1 Be5+ 33. Kb4 Rxd1 34. Rxd1 Qb6+ 35. Ka4 Bd6 36. Bg4+ Kd8 37. Be2 Rg5 38. Qc3 Rc5 39. Qe1 Qc6+ 40. Ka3 Rc1+ 41. b4 Rc3+ 42. Kb2 Rxe3 43. Qh4+ Re7 44. Bg4 Qg2+ 45. Ka1 Qe4 46. a3 Qe5+ 47. Ka2 Qg5 48. Qxg5 hxg5 49. Rf1 Bf4 50. Rd1+ Bd6 51. Rf1 Ke8 52. Bh5 c6 53. Rf5 Bf4 54. Ra5 b6 55. Rf5 a6 56. Rf6 Rc7 57. Bf3 Ke7 58. Rxc6 Rxc6 59. Bxc6 g4 60. Bb7 g3 61. Bg2 f5 62. Kb1 Be3 63. Kc2 Kd6 64. a4 Ke5 65. Kd3 f4 66. Bf3 a5 67. bxa5 bxa5 68. Kc3 Kf5 69. Kd3 Kg5 70. Ke4 Kh4 71. Bg2 Kg4 72. Bf3+ Kh3 73. Kd3 g2 74. Bxg2+ Kxg2 0-1

[Event "34.Schlosspark-Open"]
[Site "Wiesbaden-Biebrich"]
[Date "2025.08.29"]
[Round "3.92"]
[White "Luber, Maximilian"]
[Black "Moldenhauer, Lennart"]
[Result "0-1"]
[WhiteElo "1518"]
[BlackElo "1767"]
[PlyCount "102"]
[EventDate "2025.08.28"]
[WhiteTeam "SK Schwandorf"]
[BlackTeam "SV Oberursel"]

1. e4 g6 2. d4 Bg7 3. Nf3 d6 4. Be3 a6 5. c4 e5 6. dxe5 dxe5 7. Qxd8+ Kxd8 8. Nc3 c6 9. Bb6+ Ke8 10. Be2 Nd7 11. Bc7 Nc5 12. Bxe5 Bxe5 13. Nxe5 Nf6 14. f3 Be6 15. b4 Ncd7 16. Nxd7 Nxd7 17. c5 a5 18. b5 Nxc5 19. a3 Ke7 20. Rd1 Rhd8 21. Kf2 Bb3 22. Rxd8 Rxd8 23. bxc6 bxc6 24. Ke3 Ne6 25. e5 Nd4 26. Ne4 Nxe2 27. Kxe2 Bc4+ 28. Kf2 Rd5 29. Rc1 Bb5 30. Rc5 Ke6 31. Rxd5 Kxd5 32. Nf6+ Kxe5 33. Nxh7 Kd4 34. Ng5 Bc4 35. Ne4 Bd5 36. Nd2 Kd3 37. Ne4 Bxe4 38. fxe4 Kxe4 39. Ke2 g5 40. h3 Kf4 41. Kd3 Kg3 42. Ke4 Kxg2 43. Kf5 Kxh3 44. Kxg5 c5 45. Kf4 c4 46. Ke4 f5+ 47. Kd4 f4 48. Kxc4 f3 49. Kb5 f2 50. Kxa5 f1=Q 51. Kb4 Qa6 0-1

[Event "34.Schlosspark-Open"]
[Site "Wiesbaden-Biebrich"]
[Date "2025.08.29"]
[Round "3.93"]
[White "Bartsch, Marius"]
[Black "Chen, Lilly"]
[Result "1/2-1/2"]
[WhiteElo "1756"]
[BlackElo "1567"]
[PlyCount "44"]
[EventDate "2025.08.28"]
[WhiteTeam "Wiesbadener SV 1885"]
[BlackTeam "Sfr Stiller Zug Wiesbaden"]

1. e4 Nf6 2. e5 Nd5 3. c4 Nb6 4. d4 d6 5. exd6 cxd6 6. Nc3 g6 7. Be3 Bg7 8. h3 d5 9. c5 Nc4 10. Bxc4 dxc4 11. Qa4+ Nc6 12. Nf3 Be6 13. O-O O-O 14. Rfd1 Qa5 15. Rac1 Qxa4 16. Nxa4 Nb4 17. Nc3 Nd5 18. Nxd5 Bxd5 19. Nd2 b5 20. b3 cxb3 21. axb3 Bc6 22. b4 Rfd8 1/2-1/2

[Event "34.Schlosspark-Open"]
[Site "Wiesbaden-Biebrich"]
[Date "2025.08.29"]
[Round "3.94"]
[White "Pfaff, Helmut"]
[Black "Joshi, Kanad"]
[Result "0-1"]
[WhiteElo "1493"]
[BlackElo "1749"]
[PlyCount "56"]
[EventDate "2025.08.28"]
[WhiteTeam "Vorw.Orient Mainz"]
[BlackTeam "SV Oberursel"]

1. c4 e6 2. e4 d5 3. Nf3 dxe4 4. Ne5 Nf6 5. Be2 Bc5 6. O-O O-O 7. d3 Bd4 8. Bf4 Bxb2 9. Nd2 Bxa1 10. Qxa1 exd3 11. Bxd3 Nbd7 12. Nb3 Nxe5 13. Bxe5 Qxd3 14. Qd4 Qxd4 15. Nxd4 Rd8 16. Nb5 Ne8 17. Bd4 a6 18. Na7 Rxd4 19. Nxc8 Rxc8 20. Rc1 Rcd8 21. g3 Rd1+ 22. Rxd1 Rxd1+ 23. Kg2 Nd6 24. c5 Ne4 25. a4 Nxc5 26. a5 Rd3 27. Kh3 b5 28. axb6 cxb6 0-1